History Quiz

Random History or Decade Quiz

1950s Blitz Quiz Stats

 Plays Quiz Updated Dec 8, 2015

Also try: 1960s Blitz
Challenge
Share
Tweet
Embed
Score 0/28 Timer 05:00
1 Play Today
Category 1950s answer % Correct
New U.S. State [2]Hawaii
93.9%
U.S. Presidents [2]Dwight D. Eisenhower
90.5%
World Cup (soccer) winning nation [3]Uruguay
85.4%
World Series winning team [4]Yankees
84.6%
Warsaw Pact member [8]Poland
81.9%
#1 Elvis Presley songs (Hot 100) [9]All Shook Up
76.8%
British Prime Minister [4]Winston Churchill
75.9%
NBA Championship winning team [6]Hawks
74.4%
NFL Championship winning team [5]Browns
73%
Disney animated features [5]Cinderella
70.9%
New U.N. member from Europe [10]Italy
68.4%
#1 Ranked U.S. boys name [3]James
64.7%
English football champion [6]Chelsea
64.3%
Oscar Best Actress [10]Audrey Hepburn
61%
Category 1950s answer % Correct
Oscar Best Actor [10]Humphrey Bogart
60.1%
Mercury astronaut [7]Alan Shepard
54.1%
#1 Ranked U.S. girls name [2]Linda
53.7%
General Secretary of the U.S.S.R. [2]Joseph Stalin
53.6%
Olympic host city [5]Oslo
49.8%
Oscar Best Picture [10]All About Eve
48.8%
Emmy Best Comedy Winner [4]I Love Lucy
47.8%
Discoverers of DNA structure [4]Francis Crick
47.6%
Tony Best Musical [10]Guys and Dolls
35%
World heavyweight boxing champ [6]Rocky Marciano
29.5%
Roman Catholic Pope [2]Pius XII
29%
Emmy Best Drama Winner [8]Gunsmoke
17.1%
Best selling novel (U.S.) [10]Doctor Zhivago
15.7%
Artist with 10+ million selling single [2]Bill Haley & His Comets
10.2%

You're not logged in!

Compare scores with friends on all Sporcle quizzes.
OR
Log In

You Might Also Like...

Show Comments

Extras

Top Quizzes Today


Score Distribution

Your Account Isn't Verified!

In order to create a playlist on Sporcle, you need to verify the email address you used during registration. Go to your Sporcle Settings to finish the process.

Report this User

Report this user for behavior that violates our Community Guidelines.

Details: